000 00472cam a22002051 4500
001 sa 64002523
003 DLC
005 20260227112010.0
008 900103s1962 ii 000 0 tamo
010 _asa 64002523
035 _a(OCoLC)20841931
040 _aDLC
_cWaU
_dDLC
042 _apremarc
050 0 0 _aDS432.T3
_bC42
100 0 _aCentur˞aimuttu.
245 1 0 _aTamil˞ar araciyal.
260 _c[1962]
300 _a171 p.
_c19 cm.
500 _aIn Tamil.
999 _c57350
_d57350